000 00526nam a2200181Ia 4500
003 GCL
008 140319s9999 xx 000 0 eng d
040 _aGCL /
_cGCL
082 0 4 _a327.47
_bK F
100 1 _aKANET, ROGER E
245 1 0 _aTHE FOREIGN POLICY OF THE RUSSIAN FFDERATION /
_cKANET, ROGER E
700 1 _aKOZHEMAIKIN, ALEXANDER V.
260 _a[S.N] :
_bMACMILIAN PUBLISHING COMPANY ،
_c1997
300 _a208 P
650 0 4 _aRUSSIA - FOREIGN RELATION
650 0 4 _aINTERNATIONAL RELATIONS
942 _2ddc
_cBK
999 _c15930
_d15930